Últimos 5 Países Alfabéticamente por Continente - Estadísticas

Estadísticas generales
  • Esta prueba ha sido intentada 7.847 veces
  • La puntuación promedio es 20 de 30
Estadísticas de respuestas
Continente País % Correcto
África Zambia
94%
África Zimbabue
91%
América del Sur Venezuela
87%
América del Sur Uruguay
85%
América del Sur Paraguay
81%
América del Sur Perú
78%
América del Sur Surinam
78%
Oceanía Vanuatu
75%
Asia Yemen
71%
Oceanía Tuvalu
70%
Europa Ucrania
68%
África Uganda
67%
Europa Suecia
65%
América del Norte Santa Lucía
64%
Europa Suiza
64%
América del Norte San Vicente y las Granadinas
63%
Oceanía Tonga
63%
América del Norte Trinidad y Tobago
63%
América del Norte San Cristóbal y Nieves
62%
Asia Vietnam
62%
Oceanía Samoa
61%
Asia Uzbekistán
59%
Europa Serbia
57%
África Yibuti
57%
Asia Turquía
50%
Asia Turkmenistán
49%
Europa San Marino
46%
América del Norte República Dominicana
45%
Oceanía Papua Nueva Guinea
42%
África Túnez
32%
No se encontraron pruebas coincidentes
Distribución de puntuación
Porcentaje de gente con cada puntuación
Porcentaje por número respondido
Historial de tus puntuaciones
No has intentado esta prueba.